000 00832nam a2200265Ia 4500
003 OSt
005 20220928130357.0
006 a|||||r|||| 00| 0
007 ta
008 220927b |||||||| |||| 00| 0 eng d
024 _a125446
037 _bGift, 17/12/2014,
_cTextual
040 _aSDCL
_cSDCL
_beng
041 _2eng
_aeng
082 _aB37, P9
100 _aRadulescu Teodora-Liliana T.
_9473740
245 0 _aProblems in real analysis
_b Advanced calculus on the real axis
260 _aDordrecht
_bSpringer
_c2014
300 _axx;452p.
_ccm.
650 _aGift
_9391569
700 _a Andreescu Titu
700 _a Radulescu Vicentiu D.
_9473741
942 _hB37, P9
_cTEXL
_2CC
999 _c786338
_d786338